1703 1648 1313 1700 1772 1529 1150 1085 1576 1474 1946 1712 1978 1816 1862 1748 1629 1084 1079 1286 1938 1847 1205 1359 1821 1232 1059 1449 1629 1134 1728 1053 1278 1298 1924 1209 1399 1949 1988 1385 1140 1573 1562 1237 1287 1681 1254 1371 1874 1890 1252 1658 1154 1256 1915 1950 1259 1255 1546 1012 1865 1848 1428 1651 1888 1099 1640 1792 1364 1937 1689 1334 1410 1770 1082 1789 1476 1065 1855 1206 1258 1883 1062 1694 1722 1705 1517 1358 1628 1883 1911 1657 1307 1290 1440 1905 1802 1597 1462 BCNSPRNW ULIB Ver.6.0+V

เปลี่ยนเป็นภาษาไทย

Change to English
 แสดงรายละเอียดบรรณานุกรม
  กลับหน้าหลัก

Brief Record : Get Marc (ISO 2709) : E-mail record : QR code < ปิดหน้าต่าง
LEADER : 00000nam a2200000 a 4500
001    13399113705
003     ULIB
008    110322s2553 th a 000 0 tha d
020    ^a9789741335459
050  4 QH308.2^bป469ช ล2
100 0  ^aปรีชา สุวรรณพินิจ
245 10 ^aชีววิทยา 2 /^cปรีชา สุวรรณพินิจ, นงลักษณ์ สุวรรณพินิจ
250    ^aพิมพ์ครั้งที่ 8
260    ^aกรุงเทพฯ :^bสำนักพิมพ์แห่งจุฬาลงกรณ์มหาวิทยาลัย,^c2553
300    ^a[445]-1276 หน้า :^bภาพประกอบ ;^c26 ซม.
650  4 ^aชีววิทยา
650  4 ^aวิทยาศาสตร์ชีวภาพ
700 0  ^aนงลักษณ์ สุวรรณพินิจ
945    ^p350^l0^i030837
995    ^aเกษร
999 ^a ใช้งานได้ทุกระบบ
รายการนี้ยังไม่มีแท็ก
คุณยังไม่ได้ล็อกอิน คุณสามารถมีกิจกรรมร่วมกับเว็บไซต์ได้ แต่ต้องล็อกอินก่อน ::
  ล็อกอิน

รายการสื่อสารสนเทศ

ลำดับที่ ประเภท เลขเรียก/บาร์โค้ด สถานที่ สถานะ
- ไม่พบข้อมูล -

รายการใกล้เคียง
    ผู้แต่ง [ปรีชา สุวรรณพินิจ]

    หัวเรื่อง [ชีววิทยา]
    หัวเรื่อง [วิทยาศาสตร์ชีวภาพ]

BibComment


ยังไม่เคยถูกคอมเมนท์

คอมเมนท์ทรัพยากรรายการนี้
  คอมเมนท์: ชีววิทยา 2 ปรีช..


 Copyright 2026. Bcnsprnw @Library